Most expensive football (soccer) transfers - Statistics

General Stats
  • This quiz has been taken 106 times
  • The average score is 11 of 30
Answer Stats
Hint Answer % Correct
€45M Ronaldo (Inter to Real Madrid)
98%
€101M Gareth Bale (Spurs to Real Madrid)
87%
€88,2M Neymar Jr. (Santos to Barcelona)
71%
€94M Cristiano Ronaldo (Manchester United to Real Madrid)
67%
€73,5M Zinedine Zidane (Juventus to Real Madrid)
63%
€81,72M Luis Suárez (Liverpool to Barcelona)
60%
€69,5M Zlatan Ibrahimovic (Inter to Barcelona)
60%
€75M James Rodríguez (Monaco to Real Madrid)
46%
€45M James Rodríguez (Porto to Monaco)
46%
€63M Ángel Di María (Manchester United to Paris SG)
45%
€75M Ángel Di María (Real Madrid to Manchester United)
45%
€65M Kaká (Milan to Real Madrid)
44%
€58,5M Fernando Torres (Liverpool to Chelsea)
43%
€90M Gonzalo Higuaín (Napoli to Juventus)
41%
€60M Luís Figo (Barcelona to Real Madrid)
39%
€47M Mesut Özil (Real Madrid to Arsenal)
34%
€64,5M Edinson Cavani (Napoli to Paris SG)
33%
€74M Kevin De Bruyne (Wolfsburg to Manchester City)
32%
€52,88 Gianluigi Buffon (Parma to Juventus)
29%
€65,5M Raheem Sterling (Liverpool to Manchester City)
28%
€49,5M David Luiz (Chelsea to Paris SG)
21%
€46M Rio Ferdinand (Leeds United to Manchester United)
21%
€50M Anthony Martial (Monaco to Manchester United)
16%
€55M Hernán Crespo (Parma to Lazio)
16%
€55M Hulk (Porto to Zenit)
12%
£55,8M Hulk (Zenit to Shanghai SIPG)
12%
€45M Christian Vieri (Lazio to Inter)
7%
€46,5M Christian Benteke (Aston Villa to Liverpool)
6%
€48M Gaizka Mendieta (Valencia to Lazio)
5%
€50M Alex Teixeira (Shakhtar to JS Suning)
0%
No matching quizzes found
Score Distribution
Percent of People with Each Score
Percentile by Number Answered
Your Score History
You have not taken this quiz